Southville International School and Colleges
Your cart is empty.
  • Cart
  • Lists
    Public lists Eva Luna New books Lux_list list_1
    Your lists Log in to create your own lists
  • Log in to your account
  • Your cookies
  • Search history
Southville International School and Colleges
  • Advanced search
  • Recent comments
  • Most popular
  • Libraries

Log in to your account

Log in with GOOGLE


If you do not have an external account, but do have a local account, you can still log in:

  1. Home
  2. MARC view: Logic :
Normal view MARC view ISBD view

Logic : (Record no. 48470)

[ view plain ]
MARC details
000 -LEADER
fixed length control field 00562nam a2200193Ia 4500
003 - CONTROL NUMBER IDENTIFIER
control field PILC
005 - DATE AND TIME OF LATEST TRANSACTION
control field 20160128135010.0
008 - FIXED-LENGTH DATA ELEMENTS--GENERAL INFORMATION
fixed length control field 140321s9999 xx 000 0 und d
020 ## - INTERNATIONAL STANDARD BOOK NUMBER
International Standard Book Number 9789719983033
050 ## - LIBRARY OF CONGRESS CALL NUMBER
Classification number BC 108
Item number .T79 2013
100 ## - MAIN ENTRY--PERSONAL NAME
Personal name Tubo, Dennis V.
245 ## - TITLE STATEMENT
Title Logic :
Statement of responsibility, etc Dennis V. Tubo.
Remainder of title for right living /
260 ## - PUBLICATION, DISTRIBUTION, ETC. (IMPRINT)
Place of publication, distribution, etc Manila :
Name of publisher, distributor, etc Purely Books Trading and Pub. Corp.,
Date of publication, distribution, etc 2013.
300 ## - PHYSICAL DESCRIPTION
Extent 184 pages :
Dimensions 23 cm.
Other physical details illustrations ;
500 ## - GENERAL NOTE
General note Includes bibliographical references.
650 ## - SUBJECT ADDED ENTRY--TOPICAL TERM
Topical term or geographic name as entry element Logic.
942 ## - ADDED ENTRY ELEMENTS (KOHA)
Call number prefix Local
Koha item type Books
Source of classification or shelving scheme Library of Congress Classification
Holdings
Withdrawn status Lost status Source of classification or shelving scheme Damaged status Home library Current library Shelving location Date acquired Source of acquisition Total Checkouts Full call number Barcode Date last seen Price effective from Koha item type
    Library of Congress Classification   College Library College Library Filipiniana Section 03/21/2014 Donation   BC 108 .T79 2013 C17753 05/08/2018 03/21/2014 Books

Logic :

APA

Tubo D. V., . (2013). Logic. Manila: Purely Books Trading and Pub. Corp.

Chicago

Tubo Dennis V, . 2013. Logic. Manila: Purely Books Trading and Pub. Corp.

Harvard

Tubo D. V., . (2013). Logic. Manila: Purely Books Trading and Pub. Corp.

MLA

Tubo Dennis V, . Logic. Manila: Purely Books Trading and Pub. Corp. 2013.

  • Place hold
  • Print
  • Cite
  • Add to your cart (remove)
  • Save record
    BIBTEX Dublin Core MARCXML MARC (non-Unicode/MARC-8) MARC (Unicode/UTF-8) MARC (Unicode/UTF-8, Standard) MODS (XML) RIS
  • More searches
    Search for this title in:
    Other Libraries (WorldCat) Other Databases (Google Scholar) Online Stores (Bookfinder.com) Open Library (openlibrary.org)

Exporting to Dublin Core...

SOUTHVILLE LIBRARY

Southville International School and Colleges Library

1281 Tropical Ave. Cor. Luxembourg St., BF Homes International, Las Pinas City

Tel. No. 8256374 / 252358 Loc. 117/146

Powered by Koha